Bedouin, settlers, and holiday-makers : Egypt's changing northwest coast /

محفوظ في:

المؤلف الرئيسي: Cole, Donald Powell (مؤلف)

مؤلفون آخرون: Altorki, Soraya.

التنسيق: كتاب

اللغة: English

منشور في: Cairo : American University in Cairo Press, 1999, ©1998.

الموضوعات:

الوسوم: إضافة وسم

لا توجد وسوم, كن أول من يضع وسما على هذه التسجيلة!

رقم الطلب: DT154 .M42 C65 1999

LEADER 00876namaa2200253 4500
001 6042
003 OSt
005 20250805080705.0
008 130303s1999 ua b b 001 0 eng d
020 |a 9774244842 
040 |c ARCE Library 
043 |a f-ua--- 
050 4 |a DT154 .M42 C65 1999 
100 1 |a Cole, Donald Powell,  |e author 
245 1 0 |a Bedouin, settlers, and holiday-makers :  |b Egypt's changing northwest coast /  |c Donald P. Cole, Soraya Altorki. 
264 1 |a Cairo :  |b American University in Cairo Press,  |c 1999, ©1998. 
300 |a xvi, 246 pages :  |b map ;  |c 23 cm. 
504 |a Includes bibliographical references (pages 233-240) and index. 
651 0 |a Marsá Maṭrūḥ (Egypt)  |x History. 
651 0 |a Marsá Maṭrūḥ (Egypt)  |x Social conditions  |v Case studies. 
700 1 |a Altorki, Soraya.  |9 25244 
901 |a reviewed 
942 |c BK  |2 lcc 
999 |c 6148  |d 6148